<?xml version="1.0" encoding="UTF-8"?>
<record
    xmlns:xsi="http://www.w3.org/2001/XMLSchema-instance"
    xsi:schemaLocation="http://www.loc.gov/MARC21/slim http://www.loc.gov/standards/marcxml/schema/MARC21slim.xsd"
    xmlns="http://www.loc.gov/MARC21/slim">

  <leader>03124nam a22002897a 4500</leader>
  <controlfield tag="003">NALT</controlfield>
  <controlfield tag="005">20260130091521.0</controlfield>
  <controlfield tag="008">      s2552    th                  tha d</controlfield>
  <datafield tag="020" ind1=" " ind2=" ">
    <subfield code="a">9789742129637</subfield>
  </datafield>
  <datafield tag="040" ind1=" " ind2=" ">
    <subfield code="a">NALT</subfield>
  </datafield>
  <datafield tag="041" ind1=" " ind2=" ">
    <subfield code="a">tha</subfield>
  </datafield>
  <datafield tag="050" ind1=" " ind2=" ">
    <subfield code="a">HD 38.5</subfield>
    <subfield code="b">&#xE27;762&#xE01; 2552</subfield>
  </datafield>
  <datafield tag="100" ind1="0" ind2=" ">
    <subfield code="a">&#xE27;&#xE34;&#xE28;&#xE34;&#xE29;&#xE0F;&#xE4C; &#xE27;&#xE31;&#xE12;&#xE19;&#xE32;&#xE19;&#xE38;&#xE01;&#xE39;&#xE25;.</subfield>
    <subfield code="9">52874</subfield>
  </datafield>
  <datafield tag="245" ind1="1" ind2="0">
    <subfield code="a">&#xE01;&#xE32;&#xE23;&#xE08;&#xE31;&#xE14;&#xE01;&#xE32;&#xE23;&#xE44;&#xE2D;&#xE17;&#xE35;&#xE25;&#xE2D;&#xE08;&#xE34;&#xE2A;&#xE15;&#xE34;&#xE01;&#xE2A;&#xE4C; /</subfield>
    <subfield code="c">&#xE27;&#xE34;&#xE28;&#xE34;&#xE29;&#xE0F;&#xE4C; &#xE27;&#xE31;&#xE12;&#xE19;&#xE32;&#xE19;&#xE38;&#xE01;&#xE39;&#xE25;.</subfield>
    <subfield code="h">[electronic resource]</subfield>
  </datafield>
  <datafield tag="260" ind1=" " ind2=" ">
    <subfield code="a">&#xE01;&#xE23;&#xE38;&#xE07;&#xE40;&#xE17;&#xE1E;&#xE2F; : </subfield>
    <subfield code="b">&#xE0B;&#xE35;&#xE40;&#xE2D;&#xE47;&#xE14;&#xE22;&#xE39;&#xE40;&#xE04;&#xE0A;&#xE31;&#xE48;&#xE19;, </subfield>
    <subfield code="c">2552</subfield>
  </datafield>
  <datafield tag="300" ind1=" " ind2=" ">
    <subfield code="a">194 &#xE2B;&#xE19;&#xE49;&#xE32; :</subfield>
    <subfield code="b">&#xE20;&#xE32;&#xE1E;&#xE1B;&#xE23;&#xE30;&#xE01;&#xE2D;&#xE1A; ;</subfield>
    <subfield code="c">23 &#xE0B;&#xE21;.</subfield>
  </datafield>
  <datafield tag="300" ind1=" " ind2=" ">
    <subfield code="a">Online resource</subfield>
  </datafield>
  <datafield tag="520" ind1=" " ind2=" ">
    <subfield code="a">&#xE2B;&#xE19;&#xE31;&#xE07;&#xE2A;&#xE37;&#xE2D;&#xE17;&#xE35;&#xE48;&#xE08;&#xE30;&#xE1E;&#xE32;&#xE04;&#xE38;&#xE13;&#xE44;&#xE1B;&#xE40;&#xE23;&#xE35;&#xE22;&#xE19;&#xE23;&#xE39;&#xE49;&#xE40;&#xE01;&#xE35;&#xE48;&#xE22;&#xE27;&#xE01;&#xE31;&#xE1A;&#xE01;&#xE32;&#xE23;&#xE08;&#xE31;&#xE14;&#xE01;&#xE32;&#xE23;&#xE44;&#xE2D;&#xE17;&#xE35;&#xE25;&#xE2D;&#xE08;&#xE34;&#xE2A;&#xE15;&#xE34;&#xE01;&#xE2A;&#xE4C;&#xE2D;&#xE22;&#xE48;&#xE32;&#xE07;&#xE25;&#xE30;&#xE40;&#xE2D;&#xE35;&#xE22;&#xE14; &#xE08;&#xE32;&#xE01;&#xE40;&#xE19;&#xE37;&#xE49;&#xE2D;&#xE2B;&#xE32;&#xE17;&#xE35;&#xE48;&#xE40;&#xE19;&#xE49;&#xE19;&#xE01;&#xE32;&#xE23;&#xE1B;&#xE0F;&#xE34;&#xE1A;&#xE31;&#xE15;&#xE34;&#xE08;&#xE23;&#xE34;&#xE07;&#xE43;&#xE19;&#xE21;&#xE34;&#xE15;&#xE34;&#xE15;&#xE48;&#xE32;&#xE07; &#xE46; &#xE44;&#xE21;&#xE48;&#xE27;&#xE48;&#xE32;&#xE08;&#xE30;&#xE40;&#xE1B;&#xE47;&#xE19;&#xE01;&#xE32;&#xE23;&#xE1A;&#xE23;&#xE34;&#xE2B;&#xE32;&#xE23;&#xE04;&#xE25;&#xE31;&#xE07;&#xE2A;&#xE34;&#xE19;&#xE04;&#xE49;&#xE32;&#xE41;&#xE25;&#xE30;&#xE02;&#xE19;&#xE2A;&#xE48;&#xE07;&#xE14;&#xE49;&#xE27;&#xE22;&#xE23;&#xE30;&#xE1A;&#xE1A;&#xE44;&#xE2D;&#xE17;&#xE35; &#xE1A;&#xE17;&#xE1A;&#xE32;&#xE17;&#xE02;&#xE2D;&#xE07;&#xE25;&#xE2D;&#xE08;&#xE34;&#xE2A;&#xE15;&#xE34;&#xE01;&#xE2A;&#xE4C;&#xE0B;&#xE31;&#xE1E;&#xE1E;&#xE25;&#xE32;&#xE22;&#xE40;&#xE0A;&#xE19;&#xE43;&#xE19;&#xE22;&#xE38;&#xE04;&#xE2D;&#xE35;&#xE04;&#xE2D;&#xE21;&#xE40;&#xE21;&#xE34;&#xE23;&#xE4C;&#xE0B; &#xE01;&#xE32;&#xE23;&#xE17;&#xE33;&#xE40;&#xE2D;&#xE32;&#xE15;&#xE4C;&#xE0B;&#xE2D;&#xE23;&#xE4C;&#xE2A;&#xE07;&#xE32;&#xE19;&#xE25;&#xE2D;&#xE08;&#xE34;&#xE2A;&#xE15;&#xE34;&#xE01;&#xE2A;&#xE4C;&#xE0B;&#xE31;&#xE1E;&#xE1E;&#xE25;&#xE32;&#xE22;&#xE40;&#xE0A;&#xE19;&#xE01;&#xE31;&#xE1A;&#xE1C;&#xE39;&#xE49;&#xE43;&#xE2B;&#xE49;&#xE1A;&#xE23;&#xE34;&#xE01;&#xE32;&#xE23;&#xE17;&#xE35;&#xE48;&#xE2A;&#xE32;&#xE21;&#xE32;&#xE23;&#xE16;&#xE43;&#xE2B;&#xE49;&#xE1A;&#xE23;&#xE34;&#xE01;&#xE32;&#xE23;&#xE43;&#xE19;&#xE23;&#xE30;&#xE14;&#xE31;&#xE1A;&#xE15;&#xE48;&#xE32;&#xE07; &#xE46; &#xE15;&#xE25;&#xE2D;&#xE14;&#xE08;&#xE19;&#xE02;&#xE31;&#xE49;&#xE19;&#xE15;&#xE2D;&#xE19;&#xE43;&#xE19;&#xE01;&#xE32;&#xE23;&#xE40;&#xE25;&#xE37;&#xE2D;&#xE01;&#xE0B;&#xE2D;&#xE1F;&#xE15;&#xE4C;&#xE41;&#xE27;&#xE23;&#xE4C;&#xE1B;&#xE23;&#xE30;&#xE22;&#xE38;&#xE01;&#xE15;&#xE4C;&#xE14;&#xE49;&#xE32;&#xE19;&#xE25;&#xE2D;&#xE08;&#xE34;&#xE2A;&#xE15;&#xE34;&#xE01;&#xE2A;&#xE4C;&#xE0B;&#xE31;&#xE1E;&#xE1E;&#xE25;&#xE32;&#xE22;&#xE40;&#xE0A;&#xE19; &#xE41;&#xE25;&#xE30;&#xE01;&#xE32;&#xE23;&#xE1A;&#xE23;&#xE34;&#xE2B;&#xE32;&#xE23;&#xE42;&#xE04;&#xE23;&#xE07;&#xE01;&#xE32;&#xE23;&#xE01;&#xE32;&#xE23;&#xE2D;&#xE34;&#xE21;&#xE1E;&#xE25;&#xE35;&#xE40;&#xE21;&#xE19;&#xE15;&#xE4C;&#xE23;&#xE30;&#xE1A;&#xE1A;&#xE43;&#xE2B;&#xE49;&#xE1B;&#xE23;&#xE30;&#xE2A;&#xE1A;&#xE04;&#xE27;&#xE32;&#xE21;&#xE2A;&#xE33;&#xE40;&#xE23;&#xE47;&#xE08; &#xE23;&#xE27;&#xE21;&#xE16;&#xE36;&#xE07;&#xE01;&#xE23;&#xE13;&#xE35;&#xE28;&#xE36;&#xE01;&#xE29;&#xE32;&#xE01;&#xE32;&#xE23;&#xE1B;&#xE23;&#xE30;&#xE22;&#xE38;&#xE01;&#xE15;&#xE4C;&#xE44;&#xE2D;&#xE17;&#xE35;&#xE25;&#xE2D;&#xE08;&#xE34;&#xE2A;&#xE15;&#xE34;&#xE01;&#xE2A;&#xE4C;&#xE43;&#xE19;&#xE2D;&#xE38;&#xE15;&#xE2A;&#xE32;&#xE2B;&#xE01;&#xE23;&#xE23;&#xE21;&#xE2A;&#xE33;&#xE04;&#xE31;&#xE0D;&#xE02;&#xE2D;&#xE07;&#xE1B;&#xE23;&#xE30;&#xE40;&#xE17;&#xE28; &#xE0B;&#xE36;&#xE48;&#xE07;&#xE2D;&#xE18;&#xE34;&#xE1A;&#xE32;&#xE22;&#xE40;&#xE19;&#xE37;&#xE49;&#xE2D;&#xE2B;&#xE32;&#xE2D;&#xE22;&#xE48;&#xE32;&#xE07;&#xE40;&#xE1B;&#xE47;&#xE19;&#xE25;&#xE33;&#xE14;&#xE31;&#xE1A;&#xE02;&#xE31;&#xE49;&#xE19; &#xE40;&#xE02;&#xE49;&#xE32;&#xE43;&#xE08;&#xE07;&#xE48;&#xE32;&#xE22; &#xE40;&#xE2B;&#xE21;&#xE32;&#xE30;&#xE2A;&#xE33;&#xE2B;&#xE23;&#xE31;&#xE1A;&#xE19;&#xE31;&#xE01;&#xE18;&#xE38;&#xE23;&#xE01;&#xE34;&#xE08; &#xE19;&#xE31;&#xE01;&#xE1A;&#xE23;&#xE34;&#xE2B;&#xE32;&#xE23; &#xE1C;&#xE39;&#xE49;&#xE1B;&#xE0F;&#xE34;&#xE1A;&#xE31;&#xE15;&#xE34;&#xE07;&#xE32;&#xE19;&#xE14;&#xE49;&#xE32;&#xE19;&#xE25;&#xE2D;&#xE08;&#xE34;&#xE2A;&#xE15;&#xE34;&#xE01;&#xE2A;&#xE4C; &#xE15;&#xE25;&#xE2D;&#xE14;&#xE08;&#xE19;&#xE04;&#xE13;&#xE32;&#xE08;&#xE32;&#xE23;&#xE22;&#xE4C; &#xE19;&#xE31;&#xE01;&#xE28;&#xE36;&#xE01;&#xE29;&#xE32; &#xE41;&#xE25;&#xE30;&#xE1C;&#xE39;&#xE49;&#xE17;&#xE35;&#xE48;&#xE2A;&#xE19;&#xE43;&#xE08;&#xE17;&#xE31;&#xE48;&#xE27;&#xE44;&#xE1B;</subfield>
  </datafield>
  <datafield tag="650" ind1=" " ind2="4">
    <subfield code="a">&#xE01;&#xE32;&#xE23;&#xE08;&#xE31;&#xE14;&#xE01;&#xE32;&#xE23;&#xE2D;&#xE38;&#xE15;&#xE2A;&#xE32;&#xE2B;&#xE01;&#xE23;&#xE23;&#xE21; </subfield>
    <subfield code="9">25488</subfield>
  </datafield>
  <datafield tag="650" ind1=" " ind2="4">
    <subfield code="a">&#xE01;&#xE32;&#xE23;&#xE1E;&#xE32;&#xE13;&#xE34;&#xE0A;&#xE22;&#xE4C;&#xE2D;&#xE34;&#xE40;&#xE25;&#xE47;&#xE01;&#xE17;&#xE23;&#xE2D;&#xE19;&#xE34;&#xE01;&#xE2A;&#xE4C;</subfield>
    <subfield code="9">735</subfield>
  </datafield>
  <datafield tag="650" ind1=" " ind2="0">
    <subfield code="a">&#xE01;&#xE32;&#xE23;&#xE1A;&#xE23;&#xE34;&#xE2B;&#xE32;&#xE23;&#xE07;&#xE32;&#xE19;&#xE42;&#xE25;&#xE08;&#xE34;&#xE2A;&#xE15;&#xE34;&#xE01;&#xE2A;&#xE4C;</subfield>
    <subfield code="9">4600</subfield>
  </datafield>
  <datafield tag="850" ind1=" " ind2=" ">
    <subfield code="a">NALT</subfield>
  </datafield>
  <datafield tag="856" ind1="4" ind2="0">
    <subfield code="u">https://ebook.parliament.go.th/ebookall/detail/431773</subfield>
    <subfield code="y">E-Book</subfield>
  </datafield>
  <datafield tag="942" ind1=" " ind2=" ">
    <subfield code="c">GB</subfield>
    <subfield code="2">lcc</subfield>
  </datafield>
  <datafield tag="996" ind1=" " ind2=" ">
    <subfield code="a">jamriang.p</subfield>
    <subfield code="b">CATSTF	</subfield>
    <subfield code="c">2024-02-12</subfield>
  </datafield>
  <datafield tag="999" ind1=" " ind2=" ">
    <subfield code="c">59669</subfield>
    <subfield code="d">59669</subfield>
  </datafield>
  <datafield tag="998" ind1=" " ind2=" ">
    <subfield code="j">1020</subfield>
    <subfield code="k"> &#xE19;&#xE32;&#xE07;&#xE08;&#xE33;&#xE40;&#xE23;&#xE35;&#xE22;&#xE07;  &#xE23;&#xE30;&#xE27;&#xE31;&#xE07;&#xE2A;&#xE33;&#xE42;&#xE23;&#xE07;</subfield>
  </datafield>
  <datafield tag="952" ind1=" " ind2=" ">
    <subfield code="0">0</subfield>
    <subfield code="1">0</subfield>
    <subfield code="4">0</subfield>
    <subfield code="7">0</subfield>
    <subfield code="8">CGBL</subfield>
    <subfield code="a">NALT</subfield>
    <subfield code="b">NALT</subfield>
    <subfield code="e">&#xE08;&#xE31;&#xE14;&#xE0B;&#xE37;&#xE49;&#xE2D;&#xE17;&#xE23;&#xE31;&#xE1E;&#xE22;&#xE32;&#xE01;&#xE23;</subfield>
    <subfield code="l">0</subfield>
    <subfield code="o">HD 38.5 &#xE27;762&#xE01; 2552</subfield>
    <subfield code="p">3961178953</subfield>
    <subfield code="r">2017-06-09 00:00:00</subfield>
    <subfield code="t">&#xE09;. 1</subfield>
    <subfield code="w">2017-06-09</subfield>
    <subfield code="y">GB</subfield>
  </datafield>
  <datafield tag="952" ind1=" " ind2=" ">
    <subfield code="0">0</subfield>
    <subfield code="1">0</subfield>
    <subfield code="4">0</subfield>
    <subfield code="7">0</subfield>
    <subfield code="8">CGBL</subfield>
    <subfield code="a">NALT</subfield>
    <subfield code="b">NALT</subfield>
    <subfield code="e">&#xE08;&#xE31;&#xE14;&#xE0B;&#xE37;&#xE49;&#xE2D;&#xE17;&#xE23;&#xE31;&#xE1E;&#xE22;&#xE32;&#xE01;&#xE23;</subfield>
    <subfield code="l">0</subfield>
    <subfield code="o">HD 38.5 &#xE27;762&#xE01; 2552</subfield>
    <subfield code="p">3961178954</subfield>
    <subfield code="r">2017-06-09 00:00:00</subfield>
    <subfield code="t">&#xE09;. 2</subfield>
    <subfield code="w">2017-06-09</subfield>
    <subfield code="y">GB</subfield>
  </datafield>
  <datafield tag="952" ind1=" " ind2=" ">
    <subfield code="0">0</subfield>
    <subfield code="1">0</subfield>
    <subfield code="2">lcc</subfield>
    <subfield code="4">0</subfield>
    <subfield code="7">0</subfield>
    <subfield code="8">CERS</subfield>
    <subfield code="a">NALT</subfield>
    <subfield code="b">NALT</subfield>
    <subfield code="c">ONLINE</subfield>
    <subfield code="d">2023-09-29</subfield>
    <subfield code="e">191</subfield>
    <subfield code="r">2023-09-29 00:00:00</subfield>
    <subfield code="w">2023-09-29</subfield>
    <subfield code="y">EBK</subfield>
  </datafield>
</record>
